| 000 | 00564nam a2200193Ia 4500 | ||
|---|---|---|---|
| 008 | 220204s9999 xx 000 0 und d | ||
| 020 | _a:9781569904312 | ||
| 082 |
_aNR:62:678.06 _bBAU |
||
| 100 | _aBauman, J T | ||
| 245 | 0 | _aFatigue, stress and strain of rubber components: A guide for design engineers | |
| 260 |
_aHanser Publications _bGermany _c2008 |
||
| 650 | _aElastomers | ||
| 650 | _aFinite element analysis | ||
| 650 | _aReinforcement | ||
| 650 | _aRubber products | ||
| 650 | _aStress-strain behaviour | ||
| 650 | _aVulcanization | ||
| 942 | _cBK | ||
| 999 |
_c43055 _d43055 |
||